| 000 | 00472pab a2200169 454500 | ||
|---|---|---|---|
| 008 | 180718b2006 xxu||||| |||| 00| 0 eng d | ||
| 100 | _aWeldon, S. Laurel | ||
| 245 | _aInclusion, solidarity, and social movements: the global movement against gender violence | ||
| 260 | _c2006 | ||
| 300 | _ap.55-74. | ||
| 362 | _aMar | ||
| 650 | _aViolence | ||
| 650 | _aWomen - Crimes against | ||
| 650 | _aSocial movements | ||
| 773 | _aPerspectives on Politics | ||
| 909 | _a71712 | ||
| 999 |
_c71712 _d71712 |
||